000 01058cab a2200253 4500
001 ABS68150
008 040804n2004 000 0 eng u
035 _a(Sirsi) u127010
100 _aCatalano, A.
245 _aEG top agents
260 _c2004
490 _aEstates Gazette
_v(0428) 10 July 2004, 52-66(14)
520 _aThe latest "Estates Gazette" annual survey of the top UK agents finds the merged CBRE reaching second place behind FPDSavills and profiles six of the middleweight firms who are extending their reach. The top 85 firms are listed by UK turnover, turnover per fee-earner, top players by deals and lets. Concludes with an overview of business trends and a brief look at six firms which the survey classifies as global. Tables.
590 _aABS
650 _aRANKINGS
650 _aCOMMERCIAL PROPERTY AGENTS
650 _aTURNOVER
650 _aFEE EARNERS
650 _aPROFITS
650 _aCOMMERCIAL AGENCY
690 _aMANAGEMENT-BUSINESS MANAGEMENT-PROFESSIONAL PRACTICE
700 _aRoberts, J.
942 _n0
999 _c74489
_d74489